000 00756nam a2200229 a 4500
003 PILC
005 20160223071244.0
008 100309s19uu xx 00 eng d
020 _a9788189886189
020 _a8189886185
050 _aG 155
_b.G347 2007
100 _aGeorge, Babu P.
245 _aInternational tourism :
_bworld geography and developmental perspectives /
_cBabu P. George and Alexendru Nedelea.
260 _aDelhi :
_bAbhijeet Publications,
_c2007.
300 _a183 pages :
_c22 cm.
_billustrations ;
500 _aIncludes bibliographical references and index.
650 _aTourism
_xInternational issues.
650 _aTourism
_xWorld
_xgeography.
700 _aNedelea, Alexendru.
942 _cBK
_2lcc
_kFOR
999 _c23844
_d23844